Kukon - wszystkie piosenki 2025 - Statystyki

Ogólne statystyki
  • Ten quiz został rozwiązany 56 razy
    8 od ostatniego zresetowania
  • Średni wynik to 105 z 215
Statystyki odpowiedzi
Album - Feat. Tytuł Piosenki % Poprawnych
/ Ciężkie łezki
100%
/ iCarly
100%
/ Kocham Cię
100%
/ft. Pikers Lady Gaga
100%
/ Ostatni Bal
100%
/ Pamiątka z Paryża
100%
Piękny Ból Porsche
100%
/fr. Lex clockwork Rozmazany Ból
100%
/ Bliźniaczki
88%
/ Wirtualny Diler
88%
/ Dziewczyna z Biblioteki
88%
/ Kariera
88%
/ Kocham ćpunkę
88%
DRAMAT. (Kukon x Julia Mikuła) kokaina nie pomaga ci w depresji
88%
/ Lekkie Łezki
88%
/ft. Kaz Bałagane London Rain
88%
/ bonus track Martwe Modelki
88%
/ft. Silrosence Maskotka
88%
/ Miniówa
88%
Diabły & Zapałki Nastoletnia Rosjanka
88%
Ogrody Mixtape 3 ohs 2022
88%
/ only&one
88%
Ogrody Mixtape 2 Sheraton Kopenhaga
88%
Rough N'Gentle 4 am in Metawers
75%
/ B Boje
75%
/ będziemy mieć dom, malutki dom
75%
/ Cała noc w samolocie
75%
/ Casting
75%
/ Celebryta
75%
/ Czarne Subaru
75%
/ft. Faustyna Maciejczuk Deszcz
75%
/ deszcz pada na namiot
75%
/ Gotówka
75%
/ft. PRO8L3M HARD FLEX DRIVE
75%
/ft. Maira Izolacja 2020
75%
/ft. Młody Koala Koala Party
75%
/ miło mi cię poznać
75%
/ft. Lex clockwork Naszyjniki i Kolczyki
75%
/ Panna Wampir
75%
/ft. Quebonafide Piję wódę i słucham Ich Troje
75%
/ Prawniczka
75%
/ Rosja
75%
/ Różowa dama
75%
/ Sypialnia
75%
/ szukam ciebie, ciągle w złychmiejscach
75%
/ w aucie noc i 90bpm
75%
/ zima 2019
75%
/ Aesthetic
63%
/ft. Faustyna Maciejczuk Algorytm
63%
/ bezludna wyspa
63%
/ Białe Poduszki
63%
/ Blondi
63%
/ Bluza piękny syf
63%
/ Czerwone Malboro
63%
/ Floryda
63%
/ Hotel nauczka
63%
/ Letni Romans
63%
/ft. Faustyna Maciejczuk lokomotywa
63%
/ Meskalina
63%
/ft. Kaz Bałagane Minuty to narkotyki
63%
/ Miss Pleasure
63%
/ Ogrody Po Blantach
63%
/ft. Lex clockwork pasterka
63%
/ piona
63%
/ft. Kizo Ruletka
63%
/ sąsiedzi
63%
/ Seks w ciuchach
63%
/ sexy
63%
Organic Human soft date
63%
/ft. Pikers Szwajcaria
63%
/ wrześniowe pomarańcze
63%
/ Wyjedźmy do Oslo
63%
/ Zabiłaś mnie
63%
/ zachód na blokach
63%
/ft. Deys Za młody na grzech
63%
/ zrób ze mnie lepszego chłopca
63%
/ 100 tysięcy
50%
/ft. Louis Villian & Phunk'ill 35mm
50%
/ 72 dziewice
50%
/ft. Brodka adderall
50%
/ft. Daria Zawiałow Batman
50%
/ft. Bas Tajpan (skit) Biznes
50%
/ Bluetooth
50%
/ Buziaczek i Buszek
50%
/ Casablanca
50%
/ co by się nie działo
50%
/ Co sie stalo
50%
/ cracow shit
50%
Kraków, Marzec 2020 Cuckold
50%
/ft. AVI Czarne BMW
50%
Agresja & Depresja Cześć co tam
50%
/ darknet
50%
/ft. Gibbs Diamond Fetish
50%
/ft. Aleksandra Kaca, Kuba Więcek Dom
50%
/ Dom kultury
50%
/ft. Lex clockwork Dupeczki
50%
/ft. Lex clockwork dycha
50%
/ Ekipa No-Logo
50%
/ Gruba Ryba
50%
/ happy birthday
50%
/. ft. Maira Happy End
50%
/ Jogobella weed
50%
/ft. MoP kocham azje
50%
/ kolacja
50%
/ Krew to pieniądze
50%
/ft. Nyetlitza List od Mikołaja
50%
/ miłość
50%
/ Mom jeans
50%
Kukonozaur Mixtape Mood Mood
50%
/ new york
50%
/ nie ma miejsca jak dom
50%
/ Noemi
50%
/ Not EAZY Life
50%
/ Nowy Dom
50%
Ogrody Mixtape O.H.S 2014
50%
/ Otwarty bagażnik
50%
/ pls help me
50%
/ Połknąć pocałunek
50%
/ft. Pikers prosty dzień
50%
/ pudelek
50%
/ Reżyser
50%
/ Stara kumpela
50%
/ Tango Argentino
50%
/ft. Sobota Teatrzyk
50%
/ Toxic Orgasm
50%
Radio Taxi Tulipan
50%
/ft. Deys Zezima
50%
/ft. Lex clockwork 50 Cent
38%
/ archiwum x
38%
/ Baltona
38%
/ bywało gorzej
38%
/ Celebrity Net Worth
38%
/ Crazy Horse Paris
38%
/ft. Kazior Cyber - Street
38%
/ft. Mazzhyk Diablo
38%
/ft. Lex clockwork Dobry numer
38%
/ft. Lex clockwork Domówa
38%
/ft. Julia Mikuła dramat queens
38%
Afera (Kukon x Magiera) Drive bye
38%
/ft. Mazzhyk drzewa
38%
/ ELECTRA
38%
/ft. Lex clockwork Elegansior
38%
/ follow god
38%
/ Funny GAMES
38%
/ Gdzie Są Pieniądze???
38%
/ft. Mokra GoldBikini Club
38%
/ GORĄCE OCEANY
38%
/ft. DJ Falcon1 Hello - Moto
38%
/ hermetyczne plotki
38%
/ft. kai indica night
38%
/ interes
38%
/ft. Miły ATZ it's time to find a pillow
38%
/ jadę nie patrzę
38%
/ft. Kraftwerk Jebać System
38%
/ komercha
38%
/ LA Badroom
38%
/ Malibu
38%
/ Manekin
38%
/ft. Lex clockwork & Młody Koala musk
38%
/ft. Lex clockwork & Rena Nie ma w mieście towaru
38%
/ft. Dawkon, Lex clockwork & Młody Koala No To Wio (!)
38%
/ Nowe ogrody
38%
/ft. Miroff, Hvll Parasol
38%
/ pierścień
38%
/ft. Marcin Januszkiewicz polish savages
38%
/ft. Lex clockwork polski blok, polskie flow
38%
/ft. schafter porcelana
38%
/ft. Oskar83 po staremu
38%
/ Profesjonalny Skit
38%
/ft. Lex clockwork Raz lepiej raz gorzej
38%
/ft. Marysia Starosta Real Friends
38%
/ft. Rosalie Samotnośc
38%
/ Siostro
38%
/ SPAM
38%
/ft. Lex clockwork specyficzny zapach
38%
/ft. Lex clockwork Spory
38%
/ft. Lex clockwork & Sick Wolfheart Spray
38%
/ft. Lex clockwork #stilltrillogf
38%
/ft. HAŁASTRA studio sesja
38%
/ft. Lex clockwork uk
38%
/ zielone smoothie
38%
Kraków, Marzec 2025 Cannes
13%
/ft. Kosmos Climax
13%
/ft. Ania Leon Dla ciebie
13%
/ KLAUN
13%
/ Lunatyk
13%
/ft. Gmeniu Miłość & Natura
13%
/ft. Aleksandra Kaca Modern Art
13%
/ OGIEŃ
13%
/ft. schafter, SecretiveSuicide Popiół
13%
/ft. Gmeniu Sad girl from NY
13%
/ft. Onjay W kontakcie
13%
/ Wyjątkowo moja
13%
/ft. Kostekbeyer Za stara dla DiCaprio
13%
/ BASEBALL
0%
PAUZA CZUJ SIĘ WOLNA
0%
/ DLA BRACI
0%
/ DON'T PANIC
0%
YOGA EP /ft. Julia Mikuła Dostałem list
0%
/ EASY BABY
0%
/ft. Faustyna Maciejczuk Elmo
0%
/ GOODBYE SWEET HOME
0%
/ GRZECHY
0%
/ LITWINI
0%
/ft. Alicja Szemplińska Masz mnie
0%
/ NOWE PIĘTRO
0%
/ OBCY
0%
/ft. Faustyna Maciejczuk Obok
0%
/ OLD MONEY FOX KIDS
0%
/ PROSTE
0%
/ ROBO FREE
0%
/ SERENGHETTI
0%
/ft. Daria ze Śląska Smalltalks
0%
/ ULGA
0%
/ft. Kwiatek HAZE Wbrew sobie
0%
Nie znaleziono quizów pasujących do podanych kryteriów
Rozkład punktacji
Procent ludzi z każdym wynikiem
Percentyl według liczby udzielonych odpowiedzi
Twoja historia wyników
Nie rozwiązałeś tego quizu od ostatniego zresetowania